Personální řízení v resortu Ministerstva obrany České republiky : (vybrané kapitoly) /

Hlavní autor: Davidová, Monika, 1975-
Korporativní autor: Univerzita obrany. Fakulta vojenského leadershipu
Další autoři: Jílek, Libor
Jazyk: Čeština
Vydáno: Brno : Univerzita obrany, 2019
Vydání: Vydání: první
Edice: Studijní text
Témata:
Fyzický popis: 201 stran : ilustrace, formuláře ; 30 cm
Knihy
Uloženo v:
LEADER 02691nam a2200673 i 4500
001 nkc20193092641
003 CZ PrNK
005 20190522101456.0
007 ta
008 190418s2019 xr ak e p 000 0 cze
015 |a cnb003092641 
020 |a 978-80-7582-080-8  |q (brožováno) :  |c Kč 231,00 
035 |a (OCoLC)1104143788 
040 |a BOA001  |b cze  |d ABA001  |e rda 
043 |a e-xr--- 
072 7 |a 352/354  |x Stupně místní, oblastní a ústřední správy  |2 Konspekt  |9 15 
072 7 |a 37.016  |x Učební osnovy. Vyučovací předměty. Učebnice  |2 Konspekt  |9 22 
080 |a 354.61  |2 MRF 
080 |a 35.08  |2 MRF 
080 |a 355.11  |2 MRF 
080 |a 005.95/.96  |2 MRF 
080 |a 005.95/.96:658.8  |2 MRF 
080 |a (437.3)  |2 MRF 
080 |a (075.8)  |2 MRF 
100 1 |a Davidová, Monika,  |d 1975-  |7 mzk2013740494  |4 aut 
245 1 0 |a Personální řízení v resortu Ministerstva obrany České republiky :  |b (vybrané kapitoly) /  |c Monika Davidová, Libor Jílek 
250 |a Vydání: první 
264 1 |a Brno :  |b Univerzita obrany,  |c 2019 
300 |a 201 stran :  |b ilustrace, formuláře ;  |c 30 cm 
336 |a text  |b txt  |2 rdacontent 
337 |a bez média  |b n  |2 rdamedia 
338 |a svazek  |b nc  |2 rdacarrier 
490 1 |a Studijní text 
500 |a Na obálce označení: S-3500 
500 |a 150 výtisků 
500 |a Nad názvem: Univerzita obrany, Fakulta vojenského leadershipu 
504 |a Obsahuje bibliografii a bibliografické odkazy 
610 1 7 |a Česko.  |b Ministerstvo obrany  |7 kn20010725019  |2 czenas 
650 0 7 |a ministerstva obrany  |7 ph369403  |z Česko  |2 czenas 
650 0 7 |a státní zaměstnanci  |7 ph126199  |2 czenas 
650 0 7 |a vojáci z povolání  |7 ph127218  |2 czenas 
650 0 7 |a personální management  |7 ph115721  |2 czenas 
650 0 7 |a personální marketing  |7 ph978685  |2 czenas 
650 0 9 |a Ministries of defence  |z Czechia  |2 eczenas 
650 0 9 |a civil service employees  |2 eczenas 
650 0 9 |a professional soldiers  |2 eczenas 
650 0 9 |a personnel management  |2 eczenas 
650 0 9 |a personnel marketing  |2 eczenas 
655 7 |a učebnice vysokých škol  |7 fd133772  |2 czenas 
655 9 |a textbooks (higher)  |2 eczenas 
700 1 |a Jílek, Libor  |7 jo20191036681  |4 aut 
710 2 |a Univerzita obrany.  |b Fakulta vojenského leadershipu  |7 mzk2014850241  |4 isb 
810 2 |a Univerzita obrany.  |t Studijní texty  |0 s 
910 2 |a BOA001  |b 4-1427.166 
990 |a BK 
995 |a 01 
991 |b 201905  |c NOV 
996 6 |b 2610779959  |c 4-1427.166  |l MZK  |r Sklad / do 1 hodiny  |n 1  |p p.v.  |w 001720874  |u 000010  |a 1  |e BOA001  |j MZK50  |s P 
996 7 |b 2610779960  |c 4-1427.166  |l MZK  |r Sklad / do 1 hodiny  |n 4  |p p.v.  |w 001720874  |u 000020  |a 1  |e BOA001  |j MZK50  |s A